Los trasplantes de órganos en el derecho (Record no. 133808)

MARC details
000 -LEADER
fixed length control field 00710cam a2200181 4500
005 - DATE AND TIME OF LATEST TRANSACTION
control field 20250912122144.0
008 - FIXED-LENGTH DATA ELEMENTS--GENERAL INFORMATION
fixed length control field 250708b ag |||||||| |||| 00| 0 spa d
020 ## - INTERNATIONAL STANDARD BOOK NUMBER
International Standard Book Number 9501408906
050 04 - LIBRARY OF CONGRESS CALL NUMBER
Classification number KHA3446.D64
Item number S24 1996
100 1# - MAIN ENTRY--PERSONAL NAME
Personal name Sagarna, Fernando Alfredo
245 #4 - TITLE STATEMENT
Title Los trasplantes de órganos en el derecho
Remainder of title : doctrina, legislación, jurisprudencia, legislación y derecho comparados
Statement of responsibility, etc / Fernando Alfredo Sagarna.
250 ## - EDITION STATEMENT
Edition statement 1a ed.
260 ## - PUBLICATION, DISTRIBUTION, ETC. (IMPRINT)
Place of publication, distribution, etc Buenos Aires :
Name of publisher, distributor, etc Ediciones Depalma,
Date of publication, distribution, etc 1996
300 ## - PHYSICAL DESCRIPTION
Extent xxxiv, 505 p. ;
Dimensions 23 cm.
504 ## - BIBLIOGRAPHY, ETC. NOTE
Bibliography, etc Incluye apéndice, bibliografía : p. 491-505
650 #7 - SUBJECT ADDED ENTRY--TOPICAL TERM
Source of heading or term lemb
Topical term or geographic name as entry element Trasplantes de órganos, tejidos, etc.
General subdivision Legislación
-- Argentina
942 ## - ADDED ENTRY ELEMENTS (KOHA)
Source of classification or shelving scheme Biblioteca del Cogreso de los Estados Unidos
Koha item type Libro
Holdings
Estado de pérdida Fuente de clasificación Estado del daño No para préstamo Ubicación permanente Ubicación actual Apartado o colección Fecha de adquisición Edición Área del conocimiento Clasificación Código de Barras Date last seen Número de copia Costo por reposición Tipo de recurso Nota pública
  Biblioteca del Cogreso de los Estados Unidos     Biblioteca de la Facultad de Derecho y Ciencias Sociales "Felipe J. Tena" Biblioteca de la Facultad de Derecho y Ciencias Sociales "Felipe J. Tena" General 22/01/2020 1a ed. Ciencias Sociales y Administrativas KHA3446.D64 S24 1996 BFD000011969 22/01/2020 1 1.00 Libro Fomes